MDQL
is popping MORE tags! Check the
thread
!
Quizzes
Events
Quiz Creation
Community
Videos
Private Events
Remove Ads
Sign In
Join for FREE
Feedback
Dark Mode
Quiz Categories
Sports
Geography
Music
Movies
Television
Just For Fun
Miscellaneous
History
Literature
Language
Science
Gaming
Entertainment
Religion
Holiday
For Kids
Quiz Lab
Recent
Popular Today
Quiz Kudos Today
Editor Picks
Curator Picks
Quizzes by...
Day
Popularity
Type
Ratings
Length
Year
Community
Subscriptions
Recent Discussions
Orange Saloon
Badges
Playlists
Quests
Create
Leaderboards
Showdown
Live 5
Trivia Bingo
Activity
Puzzle Library
Sporcle Events
Private Events
Virtual Trivia
Globe League
Become a Host
Pub Owners
SporcleCon
Opinionation
Our Games
Videos
Blog
Mobile Apps
Partnerships
Remove Ads and Go Orange
Feedback
Television
TV Characters
TV Show
Sitcom
Network
Friends
Reality Shows
Cast
South Park
Star Trek
The Simpsons
Doctor Who
Television
TV Characters
TV Show
Sitcom
Network
Friends
Reality Shows
Cast
South Park
Star Trek
The Simpsons
Doctor Who
Random Quiz
Search Sporcle
×
Quiz Lab
Quiz Lab
Television
Actor
Type in answers that appear in a list
Type in answers that appear in a list
Classic
Best Score? Go Orange.
It's Always Sunny in Philadelphia Stats
Can you name the characters of It's Always Sunny in Philadelphia?
By
definetheline
5m
9 Questions
360 Plays
360 Plays
360 Plays
Comments
Comments
Give Quiz Kudos
Give Quiz Kudos
-
- Ratings
hide this ad
More Info
Random Order
Randomize order of answers
Randomize order of answers
Replay
Link that replays current quiz
Next Quiz
Link to next quiz in quiz playlist
You Got
0%
They Got
Avg Score
57%
Avg Friend Score
Upgrade to see
Score Distribution
Jump to the score distribution portion of the page
Score
0/9
Timer
05:00
0
Plays Today
Actor
Character
% Correct
Rob McElhenney
Mac
89.4%
Glenn Howerton
Dennis Reynolds
83.3%
Danny DeVito
Frank Reynolds
81.7%
Artemis Pebdani
Artemis
76.4%
Charlie Day
Charlie Kelly
73.6%
Mary Elizabeth Ellis
The Waitress
72.8%
Nate Mooney and Jimmi Simpson
The McPoyle Brothers
29.2%
Kaitlin Olson
Deandra 'Sweet Dee' Reynolds
5.8%
David Hornsby
Matthew 'Rickety Cricket' Mara
5.3%
Quiz Playlist
Details
Report
Send in Message
Add To Playlist
More Info:
Name the characters from "It's Always Sunny in Philadelphia" based on the actors who portray them.
Classic:
Type in answers that appear in a list
Random Order:
Randomize order of answers
Last Updated: Feb 16, 2017
Quiz Scoreboard
CHALLENGE
Sign Up to Join the Scoreboard
Show All
Scores
Hide
Comments
May contain spoilers
Recently Published
1-10 Letter E Words III
by El_Dandy
Language
2m
Street Fighter Characters
by Artimus82
Gaming
60s
College Basketball Coaching Resumes
by pancakes188
Sports
9m
More to Explore
Quiz From the Vault
Featured Blog Post
Where Did the Easter Bunny Come From?
hide this ad
You Might Also Like...
Tags
Actor Quiz
Always
Character
It's Always Sunny in Philadelphia
Philadelphia
Sunny
Today's Top Quizzes in Television
Browse Television
hide this ad
Today's Top Quizzes in Actor
Browse Actor
Top Contributed Quizzes in Television
1
Survivor Journey Challenge
2
Adjectives in 80s TV Shows
3
Adjectives in 00s TV Shows
4
5-to-1: The Simpsons Families
5
5-to-1: Television Doctors
6
Adjectives in 10s TV Shows
7
7-to-1: TV Show Settings
8
Adjectives in 70s TV Shows
9
5-to-1: Streaming Originals
10
Survivor Seasons
Explore More
Trending Topics
Crossword
Harry Potter
NBA
Anime
Kpop
Marvel
Disney
Song
NFL
Pokémon
Puzzle
The Office
WWE
Country
Soccer
hide this ad
More By:
definetheline
Quiz
Plays
Rating
Category
Featured
Created
It's Always Sunny in Philadelphia
360
1.09
Television
Jan 13, 2010
Go to Creator's Profile
Score Distribution
Quiz Creator Spotlight
definetheline
Follow
Send a Message
Quizzes Created
-
Created Quiz Play Count
-
More By This Creator
Popular Quizzes Today
1
Find the US States - No Outlines Minefield
2
Find the Countries of Europe - No Outlines Minefield
3
The Countries of the World
4
Find the US States
5
Risky Map Clicking: Biggest States A-Z
6
US States
7
Popular People in 1961
8
Movies - When Are They Set?
More Television Quizzes
Addams Family vs Munsters Picture Click
Quiz Lab
Trending Quizzes
Risky Map Clicking: Least Populous States A-Z
1-10 Letter G Words
1-10 Letter F Words
Countries of the World: 200 Million BC
Risky Map Clicking: Next State Alphabetically
Recently Updated
Beyoncé Albums
pecheneg
Leaping Animals
pecheneg
Reality TV Shows (A-Z)
bhenderson79
Rickey Henderson's Hall of Fame Teammates
pecheneg
Champions League XIs: Arsenal
pecheneg
Quick Pick: Celebrities in WWE's Hall of Fame
aduchscher
A-Z Keypad Blitz II
pecheneg
Multiple Oscar Actors
pecheneg
Mystery Phrase Blitz: Oscar 'Best Actors'
pecheneg
F. Scott Fitzgerald Novels
LTH
Trending Topics
Anime
Crossword
NBA
Harry Potter
Marvel
Disney
Kpop
The Office
WWE
Song
Puzzle
Soccer
Country
NFL
Pokémon
Your Account Isn't Verified!
In order to create a playlist on Sporcle, you need to verify the email address you used during registration. Go to your
Sporcle Settings
to finish the process.
Report this User
Report this user for behavior that violates our
Community Guidelines
.
Details:
Send Report
Go to the Sporcle.com Mobile Site →
Comments